<?xml version="1.0" encoding="UTF-8"?><?xml-stylesheet type="text/xsl" href="static/style.xsl"?><OAI-PMH xmlns="http://www.openarchives.org/OAI/2.0/" xmlns:xsi="http://www.w3.org/2001/XMLSchema-instance" xsi:schemaLocation="http://www.openarchives.org/OAI/2.0/ http://www.openarchives.org/OAI/2.0/OAI-PMH.xsd"><responseDate>2026-06-07T16:52:02Z</responseDate><request verb="GetRecord" identifier="oai:docta.ucm.es:20.500.14352/99155" metadataPrefix="marc">https://docta.ucm.es/rest/oai/request</request><GetRecord><record><header><identifier>oai:docta.ucm.es:20.500.14352/99155</identifier><datestamp>2024-10-11T12:24:27Z</datestamp><setSpec>com_20.500.14352_14</setSpec><setSpec>col_20.500.14352_21</setSpec></header><metadata><record xmlns="http://www.loc.gov/MARC21/slim" xmlns:dcterms="http://purl.org/dc/terms/" xmlns:xsi="http://www.w3.org/2001/XMLSchema-instance" xmlns:doc="http://www.lyncode.com/xoai" xsi:schemaLocation="http://www.loc.gov/MARC21/slim http://www.loc.gov/standards/marcxml/schema/MARC21slim.xsd">
   <leader>00925njm 22002777a 4500</leader>
   <datafield ind2=" " ind1=" " tag="042">
      <subfield code="a">dc</subfield>
   </datafield>
   <datafield ind2=" " ind1=" " tag="720">
      <subfield code="a">Rial Costas, Benito</subfield>
      <subfield code="e">author</subfield>
   </datafield>
   <datafield ind2=" " ind1=" " tag="260">
      <subfield code="c">2023</subfield>
   </datafield>
   <datafield ind2=" " ind1=" " tag="520">
      <subfield code="a">This article aims to be a step forward in our understanding of fifteenth-century printing and aims to suggest how to conceptualize the differences between Medieval written culture and Renaissance print culture. Although this article refers to the first years of the so-called printing revolution, it provides an account for the nature of the concepts of technological systems, progress and change. “Experiences, dislocations and losses” brings together and alludes to several general theoretical perspectives, observations and analyses of technology, progress, development, evolution and systems. This article represents my revision and adaptation of these still confusing concepts and different perspectives into a historical mode of analysis and understanding of fifteenth-century printing.</subfield>
   </datafield>
   <datafield ind1="8" ind2=" " tag="024">
      <subfield code="a">Rial Costas, B. "Experiences, dislocations and losses: The complex mechanisms of fifteenth‐century book technology", en Renaud Adam y Chiara Lastraioli (eds.), Lost in Renaissance: Sept essais d'hitsoire du livre. Seven Essays on the History of the Book, París, Honoré Champion, 2023, pp. 13-26</subfield>
   </datafield>
   <datafield ind1="8" ind2=" " tag="024">
      <subfield code="a">978-2-7453-5978-0</subfield>
   </datafield>
   <datafield ind1="8" ind2=" " tag="024">
      <subfield code="a">978-2-7453-5979-7</subfield>
   </datafield>
   <datafield ind1="8" ind2=" " tag="024">
      <subfield code="a">https://hdl.handle.net/20.500.14352/99155</subfield>
   </datafield>
   <datafield ind1="8" ind2=" " tag="024">
      <subfield code="a">https://www.honorechampion.com/fr/editions-honore-champion/12940-book-08535978-9782745359780.html</subfield>
   </datafield>
   <datafield ind2="0" ind1="0" tag="245">
      <subfield code="a">Experiences, dislocations and losses: The complex mechanisms of fifteenth‐century book technology</subfield>
   </datafield>
</record></metadata></record></GetRecord></OAI-PMH>